000 00702nam a2200217 i 4500
001 148538
003 ES-MaACL
005 20230906202705.0
007 t|
008 070214s1963 sp |||| | spa d
100 1 _aStrobl, Wolfgang.
_9108442
245 1 0 _aIntroducción a la filosofía de las ciencias /
_cWolfgang Strobl.
260 _aMadrid :
_bRevista "Estudios",
_c1963 (
_fImp. Sáez)
300 _aXXX, 238 p. ;
_c22 cm.
490 1 _aPublicaciones del Monasterio de Poyo ;
_v10
650 _aCiencia-
_xFilosofía.
_910950
710 2 _aMonasterio de Poyo.
_95740
830 0 _aPublicaciones del Monasterio de Poyo ;
_v10
_9185703
852 _aES-MaACL
_jC-25904
999 _c148538
_d148538